Zákon Slovenskej národnej rady č. 310/1992 Zb. zo 6. mája 1992 o stavebnom sporení ...
Znenie zákona SNR č. 310/1992 Zb. zo 6. mája 1992 o stavebnom sporení v znení zákona NR SR č. 386/196 Z.z. a zákona č. 242/1999 Z.z.
Na minha lista:
| Formato: | Capítulo de Livro |
|---|---|
| Idioma: | eslovaco |
| Assuntos: | |
| Tags: |
Sem tags, seja o primeiro a adicionar uma tag!
|
MARC
| LEADER | 00000naa a2200000 4500 | ||
|---|---|---|---|
| 001 | r036450 | ||
| 005 | 20230926081559.2 | ||
| 041 | 0 | |a slo | |
| 044 | |a SK | ||
| 245 | 1 | 0 | |a Zákon Slovenskej národnej rady č. 310/1992 Zb. zo 6. mája 1992 o stavebnom sporení ... |
| 520 | |a Znenie zákona SNR č. 310/1992 Zb. zo 6. mája 1992 o stavebnom sporení v znení zákona NR SR č. 386/196 Z.z. a zákona č. 242/1999 Z.z. | ||
| 610 | 2 | 0 | |a sporenie stavebné |
| 610 | 2 | 0 | |a zákony |
| 610 | 2 | 0 | |a Slovensko |
| 610 | 2 | 0 | |a 1992-1999 |